Čo je to finančný plán podniku cestovného ruchu?

Obsah a úloha finančného plánu podniku cestovného ruchu. Aktívne finančné plánovanie v podnikoch cestovného ruchu. Sledovanie výkazov ziskov a strát, výkazov peňažných tokov, ktoré sú nevyhnutnou súčasťou finančného riadenia.

Salvato in:
Dettagli Bibliografici
Autore principale: Raši, Šimon
Natura: Capitolo di libro
Lingua:slovacco
Soggetti:
Tags: Aggiungi Tag
Nessun Tag, puoi essere il primo ad aggiungerne!!

MARC

LEADER 00000naa a2200000 4500
001 r032149
005 20230809080822.0
041 0 |a slo 
044 |a SK 
245 1 0 |a Čo je to finančný plán podniku cestovného ruchu?  |c Šimon Raši 
520 |a Obsah a úloha finančného plánu podniku cestovného ruchu. Aktívne finančné plánovanie v podnikoch cestovného ruchu. Sledovanie výkazov ziskov a strát, výkazov peňažných tokov, ktoré sú nevyhnutnou súčasťou finančného riadenia. 
610 2 0 |a plán finančný 
610 2 0 |a manažment finančný 
610 2 0 |a plánovanie finančné 
610 2 0 |a podnik ruchu cestovného 
100 1 |a Raši, Šimon